Harry Potter Book Titles Quiz Stats

Quiz not verified by Sporcle

Challenge
Share
Tweet
Embed
Score 0/7 Timer 01:00
0 Plays Today
# Title % Correct
Book OneHarry Potter and the Sorcerer's Stone
96.7%
Book TwoHarry Potter and the Chamber of Secrets
93.3%
Book FourHarry Potter and the Goblet of Fire
88.3%
Book ThreeHarry Potter and the Prisoner of Azkaban
86.7%
Book SixHarry Potter and the Half-Blood Prince
85%
Book FiveHarry Potter and the Order of the Phoenix
83.3%
Book SevenHarry Potter and the Deathly Hallows
83.3%

You're not logged in!

Compare scores with friends on all Sporcle quizzes.
Sign Up with Email
OR
Log In

You Might Also Like...

Show Comments

Extras

Top Quizzes Today


Score Distribution

Your Account Isn't Verified!

In order to create a playlist on Sporcle, you need to verify the email address you used during registration. Go to your Sporcle Settings to finish the process.

Report this User

Report this user for behavior that violates our Community Guidelines.

Details: